Συστήματα παρατήρησης και παρακολούθησης της γης : πρακτικά 1ης συνάντησης εργασίας Ελληνική Εθνική Επιτροπή Διαστήματος, Αθήνα 26 και 27 Ιανουαρίου 1995 = Earth observation and monitoring systems : proceedings of the 1st workshop Hellenic National Space Committee Athens 26 and 27 January 1995
Αποθηκεύτηκε σε:
| Συγγραφή απο Οργανισμό/Αρχή: | |
|---|---|
| Άλλοι συγγραφείς: | |
| Μορφή: | Βιβλίο |
| Γλώσσα: | Greek English |
| Δημοσίευση: |
Αθήνα :
Εναλλακτικές Εκδόσεις,
1995.
|
| Σειρά: | Έρευνα και επιστήμες (Εναλλακτικές Εκδόσεις)
1 |
| Θέματα: | |
| Ετικέτες: |
Προσθήκη ετικέτας
Δεν υπάρχουν, Καταχωρήστε ετικέτα πρώτοι!
|
MARC
| LEADER | 00000cam a2200000 i 4500 | ||
|---|---|---|---|
| 001 | 1/10062 | ||
| 008 | 970514s1995####gr | | ||| |||| ||gre|| | ||
| 020 | |a 9604270400 | ||
| 035 | |l 10017716 | ||
| 040 | |a GR-MY-UA |b gre |e aacr | ||
| 041 | 1 | |a gre |a eng | |
| 082 | 0 | |a 621.3678 | |
| 110 | 1 | |a Ελλάδα. |b Γενική Γραμματεία Έρευνας και Τεχνολογίας. |b Ελληνική Επιτροπή Διαστήματος. |b Συνάντηση Εργασίας |n (1η : |d 1995 : |c Αθήνα, Ελλάδα) | |
| 245 | 1 | 0 | |a Συστήματα παρατήρησης και παρακολούθησης της γης : |b πρακτικά 1ης συνάντησης εργασίας Ελληνική Εθνική Επιτροπή Διαστήματος, Αθήνα 26 και 27 Ιανουαρίου 1995 = Earth observation and monitoring systems : proceedings of the 1st workshop Hellenic National Space Committee Athens 26 and 27 January 1995 / |c Γ.Γ.Ε.Τ., Διαστημική Επιτροπή ; επιμέλεια: Δ. Ρόκος. |
| 246 | 1 | |i Παράλληλος τίτλος: |a Earth observation and monitoring systems : |b proceedings of the 1st workshop Hellenic National Space Committee Athens 26 and 27 January 1995 | |
| 260 | |a Αθήνα : |b Εναλλακτικές Εκδόσεις, |c 1995. | ||
| 300 | |a 546 σ. | ||
| 490 | 1 | |a (Έρευνα και επιστήμες / Εναλλακτικές Εκδόσεις ; |v 1) | |
| 650 | 0 | 0 | |a Geographic information systems. |
| 650 | 0 | 0 | |a Remote sensing. |
| 700 | 1 | |a Ρόκος, Δημήτριος Κλ. |e edt | |
| 830 | 0 | |a Έρευνα και επιστήμες (Εναλλακτικές Εκδόσεις) |v 1 | |
| 852 | |a INST |b LESVOS |e 19970514 |h 621.3678 ΕΛΛ |p 005100011288 |q 005100011288 |t BK |y 0 | ||
| 920 | |y Λέσβος |z 1997-05 | ||
| 970 | |z 14/05/1997 | ||